000
00267nam a22001217a 4500
003
SGT
082
_a
617.643
_b
E96E
100
_a
Enlow, Donald H.
245
_a
Essentials of Facial Growth
260
_b
W. B. Saunders Co.
_c
1996
300
_a
303
942
_2
ddc
_c
RARE
999
_c
33258
_d
33258